A menina com os olhos ocupados (Registo nº 4687)
[ vista simples ]
| 000 -Etiqueta do registo | |
|---|---|
| Cabeçalho | 00891nam 22002413 4500 |
| 010 ## - Número internacional normalizado dos livros (ISBN) | |
| Número (ISBN) | 9789722539340 |
| 100 ## - Dados gerais de processamento | |
| Dados gerais de processamento | 20260211d20202022u||y0pory50 ba |
| 101 ## - Língua de publicação | |
| Língua do texto, banda sonora, etc. | Português |
| 102 ## - Pais de publicação ou produção | |
| País de publicação | Portugal |
| 200 1# - Titulo e menção de responsabilidade | |
| Título próprio | A menina com os olhos ocupados |
| Primeira menção de responsabilidade | André Carrilho |
| Outras menções de responsabilidade | André Carrilho |
| 205 ## - Menção da edição | |
| Menção da edição | 1.ª |
| 210 ## - Publicação, Distribuição, etc. | |
| Lugar da edição, distribuição, etc. | [Amadora] |
| Nome do editor, distribuidor, etc. | Bertrand Editora |
| Data da publicação, distribuição, etc. | 2022 |
| 215 ## - Descrição física | |
| Indicação específica da natureza do documento e extensão da espécie | [41] |
| Outras indicações físicas | il. |
| 330 ## - Sumário ou Resumo | |
| Texto da nota | A menina com os olhos ocupados não vê a carrinha dos gelados, os cãezitos com que se cruza na rua, os amigos. Nem sequer vê girafas, golfinhos, piratas, discos-voadores e montanhas-russas. Até que um dia o telemóvel parte-se, ela levanta a cabeça e… descobre o mundo que tem estado à sua espera! |
| 510 1# - Título paralelo | |
| Título paralelo | A menina com os olhos ocupados |
| 675 ## - Classificação Decimal Universal (CDU) | |
| Notação | 821.134.3 |
| Edição | 3ª ed. |
| Língua da edição | por |
| 700 #1 - Nome de autor-pessoa física (responsabilidade principal) | |
| Palavra de ordem | Carrilho |
| Outra parte do nome não tomada para palavra de ordem | André |
| 942 ## - Elementos de entrada adicionados (Koha) | |
| Tipo de item no Koha | Livro |
| 990 ## - Elementos KOHA | |
| Koha item type | Livro |
| Suppress in OPAC | Escondido |
| 994 ## - Estado da catalogação | |
| Situação | PARA CORRIGIR |
| Situação do levantamento | Nº de registo manual | Origin of item (home branch) (coded) | Biblioteca de empréstimo | Lending or holding organisation (holding branch) code | Código de barras | Arrumação | Cota | Circulation type (not for loan) | Tipo de documento | Damaged status |
|---|---|---|---|---|---|---|---|---|---|---|
| 20047 | Biblioteca Escolar da Coca Maravilhas | Biblioteca Escolar da Coca Maravilhas | Biblioteca Escolar da Coca Maravilhas | BECM20047 | Em exposição | 8C CAR | Livro |
